000 00790nam a2200229 i 4500
001 33829
003 ES-MaACL
005 20250903225250.0
007 t|
008 030203s1981 sp ||||1| spa d
100 1 _aBobillo de la Peña, Francisco Javier.
_929649
245 1 0 _aNacionalismo gallego
_b: la ideología de Vicente Risco /
_cFrancisco Javier Bobillo de la Peña.
260 _a[Madrid] :
_bAkal,
_c[1981]
300 _a228 p. ;
_c22 cm.
490 1 _aAkal Universitaria ;
_v36. Serie Sociología
504 _aBibliografía: p. 221-228.
600 1 4 _aRisco, Vicente,
_d1884-1963
_997461
650 4 _aNacionalismo-
_zGalicia.
_915455
830 0 _aAkal Universitaria ;
_v36. Serie Sociología
_9177901
852 _aES-MaACL
_jL-2252
_bR.102882
999 _c33829
_d33829